| 000 | 01252nam a22002057a 4500 | ||
|---|---|---|---|
| 999 |
_c62050 _d62050 |
||
| 003 | Ge_BSU | ||
| 005 | 20240627125209.0 | ||
| 008 | 240627s1963 ge ||||| |||| 00| 0 geo d | ||
| 041 | _ageo | ||
| 080 | _a616.61-002 კ-18 | ||
| 100 |
_aკალანდაძე, ნ. _922613 |
||
| 245 |
_aექსპერიმენტული ციტოტოქსიკური ნეფრიტი და მასზე კორტიკოსტერიოდებით ზემოქმედების ზოგიერთი თავისებურებანი / _cნ. კალანდაძე; [რედ: ირ. ტატიშვილი]; საქ. სსრ მეცნ. აკად. უროლოგიის ინ-ტი. |
||
| 264 |
_aთბილისი : _bსაქ. სსრ მეცნ. აკად. გამ-ბა, _c1963. |
||
| 300 |
_a291 გვ. : _b16 ფურც. ილ. ; _c21 სმ |
||
| 504 | _aბიბლიოგრაფია: გვ, 223-280. | ||
| 653 | _aციტოტოქსიკური ნეფრიტი | ||
| 653 | _aმრდიცინა | ||
| 700 |
_aტატიშვილი, ირ. _eრედაქტორი _922359 |
||
| 942 |
_2udc _cᲬᲘᲒᲜᲘ |
||